| 000 | 00597nam a22002057a 4500 | ||
|---|---|---|---|
| 003 | OSt | ||
| 005 | 20140310183127.0 | ||
| 008 | 130529t xxu||||| |||| 00| 0 eng d | ||
| 020 | _a9789718211991 | ||
| 050 |
_aPL 6051 _b.B132 2010 |
||
| 082 |
_aFIL 499.211 _bK81 2010 |
||
| 245 |
_aKomunikasyon sa Akademikong Filipino _b(Aklat sa Filipino 1 - Antas Tersyarya) _cBadayos, Paquito B. |
||
| 260 |
_aMalabon City _bMutya Publishing House, Inc. _cc2010 |
||
| 300 | _a195 p. | ||
| 521 | _acollege students | ||
| 526 | _c1210L-1700L | ||
| 541 | _j1 | ||
| 562 | _e1 | ||
| 942 |
_2lcc _cBK _kFIL |
||
| 999 |
_c19043 _d19043 |
||